Chu kou he guo ji mao yi.
| Main Author: | |
|---|---|
| Format: | Book |
| Published: |
Kuala Lumpur:
Export-Import Bank of Malaysia Berhad,
2016.
|
| Subjects: |
| LEADER | 00556cam a2200181 7i4500 | ||
|---|---|---|---|
| 001 | 0000033331 | ||
| 005 | 20160323090000.0 | ||
| 020 | 0 | 0 | |a 9789671383223 |
| 090 | 0 | 0 | |a B 382.609595 |b TEO |
| 100 | 1 | 0 | |a Teoh |
| 245 | 1 | 0 | |a Chu kou he guo ji mao yi. |
| 260 | 0 | 0 | |a Kuala Lumpur: |b Export-Import Bank of Malaysia Berhad, |c 2016. |
| 300 | # | # | |a 206 pages. |
| 650 | 0 | 0 | |a Business |
| 650 | 0 | 0 | |a International trade |
| 650 | 0 | 0 | |a Exports -- |z Malaysia |
| 999 | |a 0000037350 |b Book |c Book |e Business Information Centre | ||
| 999 | |a 0000037347 |b Book |c Malaysia |e Business Information Centre | ||


